| 000 | 00735nam a2200193 a 4500 | ||
|---|---|---|---|
| 005 | 20260322212040.0 | ||
| 008 | data | ||
| 010 | _a35-027118 | ||
| 092 | _a947.084 R38 1935 | ||
| 100 | 1 |
_aReed, John, _d1887-1920. |
|
| 245 | 1 | 0 |
_aTen days that shook the world _cby John Reed; with a foreword by V. I. Lenin and an introduction by Granville Hicks. |
| 260 |
_aNew York _bThe Modern library _cc1935 |
||
| 300 |
_a8 p. l., vii-xxiv, 371 p. incl. facsims. ; _c 19 cm. |
||
| 490 | 0 | _aThe Modern library of the world's best books | |
| 500 | _aAn account of the November revolution in Russia. Most of it deals with "Red Petrograd." cf. Pref. | ||
| 650 | 0 | 2 |
_aUSSR _xhistory _yRevolution, 1917-1921. |
| 700 | 1 |
_aHicks, Granville, _d1901- |
|
| 001 | data | ||
| 999 |
_c946 _d946 |
||